Michael Jackson - Billie Jean Lyrics - Statistics

General Stats
  • This quiz has been taken 273 times
  • The average score is 35 of 47
Answer Stats
Hint Answer % Correct
K I
94%
I I
94%
, I
94%
A A
93%
J A
93%
, A
93%
, A
93%
M She
89%
, She
89%
, The
87%
, The
87%
, The
87%
, The
87%
, On
83%
, On
83%
I Was
81%
E Am
79%
, Am
79%
J One
79%
, One
79%
L Queen
77%
E Beauty
76%
H Like
76%
C Scene
75%
A Movie
74%
C More
73%
, Floor
72%
, Floor
72%
, from
72%
N Dance
71%
, Dance
71%
S Said
71%
, Said
71%
, In
68%
, In
68%
I Do
67%
L You
67%
, Round
66%
, Round
66%
E Who
61%
, But
60%
L Mean
59%
O Don't
57%
B What
57%
N Mind
52%
A Will
50%
, Will
50%
No matching quizzes found
Score Distribution
Percent of People with Each Score
Percentile by Number Answered
Your Score History
You have not taken this quiz